000 00439nam a2200169Ia 4500
003 GCL
008 140319s9999 xx 000 0 eng d
040 _aGCL /
_cGCL
082 0 4 _a746.224
_bS I
100 1 _aSOLVIT, MARIE-JONINE
245 1 0 _aINVENTIONS AU POINT DE CROIX /
_cSOLVIT, MARIE-JONINE
260 _a[S.N] :
_bDESSAIN ET TOLRA ،
_c1986
300 _a64 P
650 0 4 _aCANEVAS
650 0 4 _aNEDDLE WORKS
942 _2ddc
_cBK
999 _c22077
_d22077